| 000 | 00752nam a22002417a 4500 | ||
|---|---|---|---|
| 999 |
_c15335 _d15335 |
||
| 003 | AR-CdUCM | ||
| 008 | 190401b ||||| |||| 00| 0 spa d | ||
| 040 |
_aMUNICIPALIDAD PROVINCIAL DEL CUSCO _cBIBLIOTECA MUNICIPAL DEL CUSCO |
||
| 082 |
_aEP / 848 / _bG77 |
||
| 100 |
_aGranch, H, C. _930907 |
||
| 245 | _aCuentos de hadas bretones / | ||
| 260 |
_aBarcelona : _bEdit.Molino, _c1959. |
||
| 300 |
_a103 paginas ; _c29 cm. |
||
| 440 |
_aVolumens publicados en esta colección _n19 _934379 |
||
| 500 | _aCuentos | ||
| 505 | _aContenido :Cuentos / | ||
| 650 |
_aLiteratura de educacional primaria _927710 |
||
| 650 |
_aCuentos _9217 |
||
| 650 |
_aHistoria _9136 |
||
| 700 |
_aH.C.Granch _927711 |
||
| 942 |
_2ddc _cLIBROS |
||
| 945 |
_apjha _d2019-04-26 |
||